Эпидермис лавровых для диагностики некоторых современных и ископаемых видов / (Record no. 465754)
[ view plain ]
| 000 -LEADER | |
|---|---|
| fixed length control field | 00713nam-a2200193-a-4500 |
| 001 - CONTROL NUMBER | |
| control field | YSU0198302 |
| 003 - CONTROL NUMBER IDENTIFIER | |
| control field | AM-YeHGA |
| 005 - DATE AND TIME OF LATEST TRANSACTION | |
| control field | 20250617161118.0 |
| 008 - FIXED-LENGTH DATA ELEMENTS--GENERAL INFORMATION | |
| fixed length control field | 991015s1965 xxu 000 0 rus u |
| 040 ## - CATALOGING SOURCE | |
| Original cataloging agency | AM-YeHGA |
| 090 ## - LOCALLY ASSIGNED LC-TYPE CALL NUMBER (OCLC); LOCAL CALL NUMBER (RLIN) | |
| -- | 468957 |
| 100 10 - MAIN ENTRY--PERSONAL NAME | |
| Personal name | Шакрыл, А.К. |
| 245 10 - TITLE STATEMENT | |
| Title | Эпидермис лавровых для диагностики некоторых современных и ископаемых видов / |
| Statement of responsibility, etc. | А.К. Шакрыл |
| 260 0# - PUBLICATION, DISTRIBUTION, ETC. | |
| Place of publication, distribution, etc. | Тбилиси : |
| Name of publisher, distributor, etc. | Мецниереба , |
| Date of publication, distribution, etc. | 1965. |
| 300 ## - PHYSICAL DESCRIPTION | |
| Extent | 78 с. |
| Dimensions | с таб |
| -- | . |
| 550 ## - ISSUING BODY NOTE | |
| Issuing body note | АН ГрССР. Сухумский ботанический сад |
| 650 #4 - SUBJECT ADDED ENTRY--TOPICAL TERM | |
| Topical term or geographic name entry element | Палеоботаника |
| 650 #4 - SUBJECT ADDED ENTRY--TOPICAL TERM | |
| Topical term or geographic name entry element | Эпидермис |
| Withdrawn status | Lost status | Source of classification or shelving scheme | Damaged status | Not for loan | Collection | Home library | Current library | Date acquired | Total checkouts | Full call number | Barcode | Date last seen | Price effective from | Koha item type | Public note |
|---|---|---|---|---|---|---|---|---|---|---|---|---|---|---|---|
| Universal Decimal Classification | General | Fundamental Scientific Library | Fundamental Scientific Library | 20/02/2018 | РIII/18802 | FL0482193 | 20/02/2018 | 20/02/2018 | Գրքեր / Books | 30 Days Loan | |||||
| General | Fundamental Scientific Library | Fundamental Scientific Library | 23/02/2018 | PIII/21068 | FL0483389 | 23/02/2018 | 23/02/2018 | Գրքեր / Books | 30 Days Loan |
ՀՀ Գիտությունների ազգային ակադեմիայի հիմնարար գիտական գրադարան = Fundamental Scientific Library of NAS RA
All site content, except where otherwise noted, is licensed under a